000 00614nam a2200181Ia 4500
008 090630s9999 xx 000 0 und d
082 _b21112
100 _aवर्तक उषा.
245 _aराजकन्या व गुराखी.
_cवर्तक उषा.
260 _bतुषार - पुणे.
300 _a16
600 _aवर्तक उषा.
630 _aराजकन्या व गुराखी.
655 _aबालवाङमय.
700 _aवर्तक उषा.
730 _aराजकन्या व गुराखी.
942 _cBOOK
999 _c272968
_d272968